Ganadores de la Champions League (futbolistas) - ¡Muerte Súbita! - Estadísticas

Estadísticas generales
  • Esta prueba ha sido intentada 504 veces
  • La puntuación promedio es 11 de 44
Answers on the Grid
Answers color-coded by a green-red scale on the quiz's grid according to % correct below.
Toni Kroos
Lionel Messi
Cristiano Ronaldo
Karim Benzema
Andrés Iniesta
Gerd Müller
Franz Beckenbauer
Uli Hoeneß
Thomas Müller
Manuel Neuer
Achraf Hakimi
Nuno Mendes
Marc-André ter Stegen
Arda Güler
Virgil van Dijk
Eden Hazard
Julián Alvarez
Mason Mount
Kai Havertz
N'Golo Kanté
Timo Werner
Olivier Giroud
Jamal Musiala
Robert Lewandowski
Joshua Kimmich
Niklas Süle
Neymar
Sadio Mané
Sami Khedira
Luis Suárez
Emre Can
Franck Ribéry
Bastian Schweinsteiger
Philipp Lahm
Kaká
Frank Lampard
Ashley Cole
Petr Cech
Fernando Torres
Thierry Henry
Ronaldinho
Oliver Kahn
Lars Ricken
Rudi Völler
Kylian Mbappé
Mats Hummels
Roberto Baggio
Antoine Griezmann
Cesc Fabregas
Michael Ballack
Ruud van Nistelrooy
Lilian Thuram
Francesco Totti
Fabio Cannavaro
Zlatan Ibrahimović
Sergio Agüero
Dennis Bergkamp
Gianluigi Buffon
Ronaldo (R9)
Lothar Matthäus
Florian Wirtz
Jadon Sancho
Julian Brandt
Marco Reus
Julian Draxler
Jens Lehmann
Pierre-Emerick Aubameyang
Mesut Özil
Mario Götze
Harry Kane
Heung-min Son
Diego Maradona
 
Estadísticas de respuestas
Respuesta % Correcto
Lionel Messi
46%
Toni Kroos
43%
Cristiano Ronaldo
39%
Karim Benzema
39%
Neymar
38%
Robert Lewandowski
37%
Sadio Mané
37%
Luis Suárez
36%
Manuel Neuer
36%
Andrés Iniesta
35%
Virgil van Dijk
35%
Franck Ribéry
34%
Nuno Mendes
34%
Ronaldinho
34%
Thomas Müller
34%
N'Golo Kanté
33%
Achraf Hakimi
31%
Julián Alvarez
31%
Kaká
31%
Marc-André ter Stegen
31%
Philipp Lahm
30%
Bastian Schweinsteiger
29%
Frank Lampard
28%
Fernando Torres
27%
Arda Güler
26%
Joshua Kimmich
26%
Kai Havertz
26%
Franz Beckenbauer
23%
Petr Cech
21%
Thierry Henry
21%
Mason Mount
19%
Eden Hazard
17%
Gerd Müller
17%
Ashley Cole
15%
Oliver Kahn
15%
Timo Werner
15%
Olivier Giroud
14%
Sami Khedira
14%
Emre Can
7%
Jamal Musiala
6%
Niklas Süle
6%
Lars Ricken
3%
Uli Hoeneß
3%
Rudi Völler
2%
No se encontraron pruebas coincidentes
Distribución de puntuación
Porcentaje de gente con cada puntuación
Porcentaje por número respondido
Historial de tus puntuaciones
No has intentado esta prueba.